Riconosci il Pokémon - Quiz n°942 - Statistics

Statistiche generali
  • Questo quiz è stato fatto 4 volte
  • Il punteggio medio è 10 su 10
Statistiche sulle risposte
Indizio Risposta % Corretto
Altezza 1,3 m
100%
Peso 44,5 kg
100%
Tasso di cattura 45 (11.9%)
100%
Sesso 75% ♂, 25% ♀
100%
Abilità Corpodifuoco; Spiritovivo
100%
Tipo Fuoco
100%
Tasso di allevamento Medio-Veloce
100%
Generazione Prima
100%
Stadio evoluzione Prima evoluzione
100%
Pokémon Magmar
50%
Nessun quiz corrispondente trovato
Distribuzione punteggi
Percentuale di utenti per punteggio
Percentile per numero di risposta
I tuoi punteggi nel tempo
Non hai fatto questo quiz